000 00807 a2200241 4500
005 20251120140902.0
008 251120b |||||||| |||| 00| 0 eng d
020 _a9781804293379 (pbk)
037 _cTB
040 _aCRL
_cCRL
041 _2eng
_aeng
084 _aO111:g R4
_qCRL
100 _aMulhern, Francis
_9821987
245 _aWhat is cultural criticism?
260 _aLondon, UK;
_aNew York, USA:
_bVerso,
_c2024.
300 _aix, 212p.
365 _b25.00
_cUKP
650 _aEnglish Literature
_9852601
650 _aEnglish Criticism
_9852602
700 _aCollini, Stefan
_eeditor.
_9852603
942 _cTB
_2CC
_n0
_hO111:g R4
999 _c1435825
_d1435825